000 00695nam a2200241 a 4500
008
020 _a053492185X (cased)
049 _aMAIN
090 _aQA276.6
_bSCH
100 1 _aScheaffer, Richard L.
245 1 0 _aElementary survey sampling /
_cRichard L. Scheaffer, William Mendenhall, Lyman Ott.
250 _a4th ed.
260 _aBoston, Mass. :
_bPWS-KENT,
_c1990.
300 _ax, 390 p. ;
_c24 cm.
650 0 _aSampling (Statistics).
700 1 _aMendenhall, William.
700 1 _aOtt, Lyman.
907 _a.b10046896
_b06-05-14
_c17-04-03
003
005 20230123133441.0
040 _cNUST
942 _cBOOKS
_kQA276.6
_mSCH
999 _c148803
_d148803